00353cam a2200133ua 4500020000900000041001000009082001600019100002400035245007400059260006000133300001200193365000900205504000500214 c3.90 aengh a636bSUS/AN aSussman, Maurice . aAnimal growth and development / cMairice sussman.hTextual Documents aNew Delhi : bPrentice Hall of India Pvt Ltd. , c1967. a114 ; . a3.90 a